Your Obedient Servant - Hamilton Cast - All Lyrics - Statistics

General Stats
  • This quiz has been taken 111 times
  • The average score is 254 of 326
Answer Stats
Answer % Correct
A
99%
a
99%
do
97%
Ham
97%
I
97%
be
94%
the
94%
The
94%
to
94%
you
94%
You
94%
your
94%
Burr
93%
Burr,
93%
dot
93%
obedient
93%
servant
93%
have
92%
An
89%
an
89%
How
88%
how
88%
honor
86%
me
86%
Alexander:
85%
Alexander
85%
does
85%
Hamilton
85%
am
83%
in
83%
it
83%
no
83%
No
83%
on
83%
Hey,
82%
of
82%
Then
82%
where
82%
And
81%
and
81%
Dear
79%
If
79%
if
79%
what
79%
But
78%
Jefferson,
78%
time
78%
by
76%
For
76%
for
76%
happens
76%
Just
76%
just
76%
room
76%
You’ve
76%
you’ve
76%
anger
75%
disrespect
75%
from
75%
look
75%
man
75%
Name
75%
not
75%
only
75%
or
75%
place
75%
place,
75%
back
74%
bastard,
74%
every
74%
face
74%
got
74%
Guns,
74%
has
74%
keep
74%
mine
74%
slow
74%
You’re
74%
call
72%
common
72%
his
72%
line
72%
stand
72%
stand,
72%
wanna
72%
with
72%
As
71%
been
71%
dawn
71%
Immigrant,
71%
kept
71%
last
71%
life
71%
say
71%
winning?
71%
checked
69%
“dangerous
69%
disagreements
69%
drawn
69%
enemy
69%
failed
69%
guy
69%
“immoral”,
69%
something
69%
thread
69%
effects
68%
eye
68%
Jesus
68%
list
68%
my
68%
orphan,
68%
public
68%
reckon
68%
Thomas
68%
years
68%
disgrace”
67%
he’s
67%
knows
67%
Now
67%
one
67%
Sweet
67%
Tryin’
67%
will
67%
best
65%
despised
65%
endorse
65%
is
65%
Somehow
65%
beginning
64%
Here’s
64%
said
64%
said,
64%
since
64%
thirty
64%
toe
64%
what’s
64%
arrogant
63%
don’t
63%
It’s
63%
it’s
63%
right
63%
would
63%
Careful
61%
good
61%
our
61%
think
61%
can’t
60%
Even
60%
won’t
60%
at
58%
believe
58%
fight
58%
grievance
58%
itemized
58%
specific
58%
trusts
58%
always
57%
bit
57%
more
57%
reason
57%
shy
57%
doing
56%
proceed,
56%
true
56%
whoreson
56%
apologize
54%
opinion
54%
republic
54%
sleeve
54%
yourself
54%
because
53%
feet
53%
need
53%
Weehawken,
53%
legitimate
51%
Mr.
51%
prepare
51%
President:
50%
Vice
50%
worn
50%
accusations
49%
equivocate
49%
lay
49%
bleed,
47%
cite
47%
indeed,
43%
Answer
42%
Intemperate
36%
No matching quizzes found
Score Distribution
Percent of People with Each Score
Percentile by Number Answered
Your Score History
You have not taken this quiz